Degas
Saved in:
| Main Author: | |
|---|---|
| Format: | Book |
| Language: | Spanish |
| Published: |
Buenos Aires
Viscontea
1983
|
| Edition: | 2a. ed |
| Series: | Los Grandes Escultores, 2
|
| Subjects: | |
| Tags: |
Add Tag
No Tags, Be the first to tag this record!
|
MARC
| LEADER | 00000nam a2200000 a 4500 | ||
|---|---|---|---|
| 001 | UCK4252 | ||
| 003 | CL-VaPUC | ||
| 008 | 050527e19830000AG |||||||||||||||||spa|d | ||
| 082 | 0 | 4 | |a 730.92 |b STE |2 21 |
| 100 | 0 | |a Vitali, Lamberto |e author |9 492751 | |
| 245 | 1 | 0 | |a Degas |
| 250 | |a 2a. ed | ||
| 300 | |a Pág. irreg | ||
| 942 | |c BK | ||
| 945 | |d 20050527 00:00:00 |a jcarroza | ||
| 260 | |a Buenos Aires |b Viscontea |c 1983 | ||
| 600 | 0 | 7 | |a DEGAS, EDGAR |2 CL-VaPUC |9 268732 |
| 650 | 7 | |a ESCULTURA FRANCESA |2 CL-VaPUC |9 341225 | |
| 650 | 7 | |a ESCULTORES FRANCESES |2 CL-VaPUC |9 265297 | |
| 583 | |a last modification |c 20050527 00:00:00 |k Rodrigo Vera | ||
| 490 | 0 | |a Los Grandes Escultores, 2 | |
| 999 | |c 313189 |d 313187 | ||
| 952 | |0 0 |1 0 |4 0 |6 730_920000000000000_STE_1983 |7 0 |8 A |9 384330 |a BIBARQ |b BIBARQ |d 2019-11-22 |i 4127854 |o 730.92 STE 1983 |p 4127854 |r 2025-01-20 |w 2019-11-22 |y BK |k ARQ | ||